Language Quiz

Random Language or French Quiz

French Imparfait Practice Quiz Stats

 Plays Quiz not verified by Sporcle

Score 0/18 Timer 05:00
2 Plays Today
subject imparfait % Correct
vousjouiez
98.2%
ilparlait
97.3%
jepartais
93.9%
nousbuvions
80.7%
tuallais
80.5%
ellesfaisaient
77.8%
nousdansions
73.7%
ellechantait
73.2%
onetait
72.5%
subject imparfait % Correct
ilsvendaient
71.3%
jevenais
71.1%
tusortais
69.3%
vousaviez
69%
ilarrivait
66.4%
onaimait
66.1%
ilscherchaient
64.6%
ellesprenaient
62.8%
ellefinissait
58.3%

You're not logged in!

Compare scores with friends on all Sporcle quizzes.
OR
Log In

Show Comments

Extras

Top Quizzes Today


Score Distribution

Your Account Isn't Verified!

In order to create a playlist on Sporcle, you need to verify the email address you used during registration. Go to your Sporcle Settings to finish the process.

Report this User

Report this user for behavior that violates our Community Guidelines.

Details: